A Matter of Time - Album (Laufey) - Statistics

General Stats
  • This quiz has been taken 282 times
  • The average score is 10 of 14
Answer Stats
# Title % Correct
2. Lover Girl
95%
1. Clockwork
88%
6. Silver Lining
81%
3. Snow White
80%
10. Tough Luck
79%
9. Forget-Me-Not
75%
4. Castle in Hollywood
74%
13. Clean Air
73%
8. Interlude Cuckoo Ballet
73%
7. Too Little, Too Late
71%
5. Carousel
69%
12. Mr. Eclectic
63%
11. A Cautionary Tale
58%
14. Sabatoge
24%
No matching quizzes found
Score Distribution
Percent of People with Each Score
Percentile by Number Answered
Your Score History
You have not taken this quiz